Statystyki dla Polskie nazwy włoskich miast

Kliknij tutaj aby rozwiązać quiz!

Ogólne statystyki

  • Ten quiz został rozwiązany 1 951 razy
  • Średni wynik to 5 z 13

Statystyki odpowiedzi

HintOdpowiedź% Poprawnych
RzymRoma
91%
NeapolNapoli
79%
BoloniaBologna
66%
TurynTorino
61%
MediolanMilano
59%
WenecjaVenezia
39%
FlorencjaFirenze
22%
PadwaPadova
21%
GenuaGenova
15%
AsyżAssisi
7%
TrydentTrento
6%
TarentTaranto
5%
NurcjaNorcia
2%

Rozkład punktacji

Percentyl według liczby udzielonych odpowiedzi

Procent ludzi z każdym wynikiem

Twoja historia wyników

Nie rozwiązałeś tego quizu